[Event "21st Abu Dhabi Masters 2014"]
[Site "Abu Dhabi UAE"]
[Date "2014.08.24"]
[Round "5.14"]
[White "Burmakin, Vladimir"]
[Black "Tissir, Mohamed"]
[Result "1-0"]
[WhiteTitle "GM"]
[BlackTitle "IM"]
[WhiteElo "2593"]
[BlackElo "2366"]
[WhiteFideId "4105109"]
[BlackFideId "9000240"]
[EventDate "2014.08.20"]

1. Nf3 Nf6 2. c4 g6 3. d4 Bg7 4. g3 O-O 5. Bg2 d6 6. O-O a6 7. Nc3 c6 8. a4 a5
9. e4 Bg4 10. h3 Bxf3 11. Qxf3 Qb6 12. Qd3 Na6 13. Be3 Nb4 14. Qe2 Nd7 15. Rfd1
c5 16. d5 Rae8 17. Rd2 Kh8 18. Kh2 Bd4 19. Nb5 Bg7 20. f4 f5 21. Bf2 fxe4 22.
Qxe4 g5 23. fxg5 Ne5 24. Qh4 Qd8 25. Be4 Rf5 26. Ra3 Ref8 27. Bxf5 Rxf5 28. Kg2
Qf8 29. Qe4 Na6 30. Be3 Qf7 31. Rf2 Rxf2+ 32. Bxf2 Qh5 33. Qf5 h6 34. Re3 hxg5
35. g4 Qh6 36. b3 Bf6 37. Bg3 Kg7 38. Bxe5 Bxe5 39. Rf3 Qf6 40. Qe4 Bf4 41. Nc3
Nc7 42. h4 Qe5 43. hxg5 Qxe4 44. Nxe4 Be5 45. Nc3 Na6 46. Ne2 Nb4 47. Nf4 Nc2
48. Ne6+ Kg6 49. Kf2 Nd4 50. Nxd4 cxd4 51. Rf5 b6 52. Kf3 Bg7 53. Ke4 Be5 54.
Rf8 Kxg5 55. Rb8 Kxg4 56. Rxb6 Kg3 57. b4 axb4 58. Rxb4 Kf2 59. Kd3 1-0

[Event "21st Abu Dhabi Masters 2014"]
[Site "Abu Dhabi UAE"]
[Date "2014.08.24"]
[Round "5.15"]
[White "Ghosh, Diptayan"]
[Black "Salem, A.R. Saleh"]
[Result "1/2-1/2"]
[WhiteTitle "IM"]
[BlackTitle "GM"]
[WhiteElo "2473"]
[BlackElo "2591"]
[WhiteFideId "5045207"]
[BlackFideId "9301348"]
[EventDate "2014.08.20"]

1. d4 Nf6 2. c4 g6 3. g3 Bg7 4. Bg2 O-O 5. Nc3 d6 6. Nf3 Nbd7 7. O-O e5 8. e4
exd4 9. Nxd4 Re8 10. h3 a6 11. Be3 Rb8 12. b3 h5 13. Bg5 c6 14. Qd2 Qc7 15. Rad1
Nc5 16. Rfe1 Nfd7 17. Bh6 Bf6 18. Bg5 Bh8 19. Be3 b5 20. b4 Ne6 21. Nxe6 Rxe6
22. cxb5 axb5 23. Bd4 Bxd4 24. Qxd4 Qb6 25. Ne2 Ne5 26. Qxb6 Rxb6 27. Nd4 Re8
28. f4 Nc4 29. Bf1 Ra6 30. a4 Rxa4 31. Nxc6 Ra3 32. Kf2 1/2-1/2

[Event "21st Abu Dhabi Masters 2014"]
[Site "Abu Dhabi UAE"]
[Date "2014.08.24"]
[Round "5.16"]
[White "Abasov, Nijat"]
[Black "Karavade, Eesha"]
[Result "1-0"]
[WhiteTitle "GM"]
[BlackTitle "IM"]
[WhiteElo "2527"]
[BlackElo "2392"]
[WhiteFideId "13402960"]
[BlackFideId "5012600"]
[EventDate "2014.08.20"]

1. d4 Nf6 2. Bg5 Ne4 3. Bf4 d5 4. Nd2 Bf5 5. e3 e6 6. Bd3 Nxd2 7. Qxd2 Bxd3 8.
Qxd3 c6 9. Ne2 Nd7 10. O-O Nf6 11. f3 Bd6 12. e4 Bxf4 13. Nxf4 O-O 14. e5 Nd7
15. Nh3 c5 16. f4 h6 17. c3 cxd4 18. cxd4 Qb6 19. Kh1 f6 20. Ng1 Rac8 21. b3 Nb8
22. Nf3 Nc6 23. exf6 Rxf6 24. Qd2 Ne7 25. Ne5 Qd6 26. Rac1 Rff8 27. g3 Nc6 28.
Nf3 Nb8 29. Kg2 Nd7 30. Rc2 Nf6 31. Rfc1 Ne4 32. Qa5 Rxc2+ 33. Rxc2 g5 34. fxg5
hxg5 35. Ne5 a6 36. Ng4 Kg7 37. Qc7+ Qxc7 38. Rxc7+ Rf7 39. Rc2 Rf8 40. Ne5 Kh6
41. a4 a5 42. Nd3 Kg6 43. Rc7 b5 44. axb5 Rb8 45. Ne5+ Kh6 46. Nf7+ Kg6 47. Ne5+
Kh6 48. Rc6 Rxb5 49. Rxe6+ Kg7 50. Rg6+ Kh7 51. Ra6 Rxb3 52. Rxa5 Rb2+ 53. Kf3
Rf2+ 54. Kg4 Rxh2 55. Nf3 Rg2 56. Nxg5+ Nxg5 57. Kxg5 Rxg3+ 58. Kf5 Kg7 59. Ke6
Rg6+ 60. Kd7 Rg5 61. Ke7 Rh5 62. Rc5 Rh4 63. Rxd5 Re4+ 64. Kd8 Kf7 65. Rd6 Re6
66. Kc7 Re1 67. d5 Rd1 68. Rd7+ Ke8 69. Rd8+ Kf7 70. d6 Rc1+ 71. Kd7 Ra1 72. Rc8
Ra7+ 73. Kc6 Ra6+ 74. Kc7 1-0

[Event "21st Abu Dhabi Masters 2014"]
[Site "Abu Dhabi UAE"]
[Date "2014.08.24"]
[Round "5.17"]
[White "Berescu, Alin-Mile"]
[Black "Vaibhav, Suri"]
[Result "1/2-1/2"]
[WhiteTitle "GM"]
[BlackTitle "GM"]
[WhiteElo "2458"]
[BlackElo "2521"]
[WhiteFideId "1204920"]
[BlackFideId "5045185"]
[EventDate "2014.08.20"]

1. c4 e5 2. g3 Nf6 3. Bg2 d5 4. cxd5 Nxd5 5. Nc3 Nb6 6. Nf3 Nc6 7. O-O Be7 8. a3
O-O 9. b4 Be6 10. Rb1 f6 11. d3 a5 12. b5 Nd4 13. Nd2 Qc8 14. e3 Nf5 15. Qc2 Rd8
16. Nce4 a4 17. Re1 Bf8 18. Bf1 Nd6 19. Nc5 Bf7 20. Nf3 Kh8 21. Bd2 Be8 22. d4
Bg6 23. e4 exd4 24. Nh4 Bf7 25. Rb4 c6 26. Nxa4 Rxa4 27. Rxa4 d3 28. Bxd3 Nxa4
29. Qxa4 Nxb5 30. Bxb5 cxb5 31. Qa5 b6 32. Qc3 Qxc3 33. Bxc3 Bxa3 34. Rb1 Rd3
35. Bb4 Bxb4 36. Rxb4 Bc4 37. Nf5 Rb3 38. Rxb3 Bxb3 39. Nd4 Bc4 40. Nc6 Kg8 41.
f3 Kf7 42. Kf2 Ke6 43. Ke3 Kd6 44. Nb4 g5 45. Kd4 Ke6 46. f4 gxf4 47. gxf4 Kf7
48. Ke3 Kg6 49. Kf3 Bb3 50. Kg4 f5+ 51. exf5+ Kf6 52. Kf3 Kxf5 53. h3 Bc4 54.
Nc2 Bd5+ 55. Ke3 Bg2 56. Nd4+ Kg6 57. Nxb5 Bxh3 58. Nd4 Kf6 59. Kd3 Bf1+ 60. Ke4
Bg2+ 61. Ke3 Bd5 62. Kf2 Bc4 63. Kf3 b5 64. Nc2 Bd5+ 65. Kg4 Be4 66. Nb4 Kg6 67.
Na6 Bd3 68. Nb4 Be2+ 69. Kg3 Kf5 70. Na6 Ke4 71. Nb4 Bd1 72. Na6 Kd4 73. Kh4 h6
74. Nb4 Kc4 75. Na6 b4 76. f5 b3 77. f6 b2 78. f7 b1=Q 79. f8=Q Qe4+ 80. Kg3
Qe3+ 81. Kh2 Qd2+ 82. Kg1 Kb5 83. Nc7+ Kc6 84. Ne8 Qg5+ 85. Kf2 Qd2+ 86. Kg1
Qd4+ 87. Kg2 Qd5+ 88. Kf2 Qd4+ 89. Kg2 Qd2+ 90. Kg1 Qe3+ 91. Kg2 Qe2+ 92. Kg1
Qg4+ 93. Kf2 Qh4+ 94. Kg2 Qg4+ 95. Kf2 Qe2+ 96. Kg1 Qe1+ 97. Kg2 Qd2+ 98. Kg1 1/2-1/2

[Event "21st Abu Dhabi Masters 2014"]
[Site "Abu Dhabi UAE"]
[Date "2014.08.24"]
[Round "5.18"]
[White "Barnaure, Vlad-Victor"]
[Black "Ahmed, Fareed"]
[Result "1-0"]
[WhiteTitle "IM"]
[WhiteElo "2513"]
[BlackElo "1899"]
[WhiteFideId "1210610"]
[BlackFideId "9303677"]
[EventDate "2014.08.20"]

1. c4 Nf6 2. Nc3 e6 3. Nf3 c5 4. e3 Be7 5. d4 cxd4 6. exd4 d5 7. a3 O-O 8. Bd3
dxc4 9. Bxc4 b6 10. O-O Bb7 11. Ba2 Qc7 12. Ne5 Nc6 13. Bf4 Nxe5 14. Bxe5 Qc6
15. f3 Rfd8 16. Rc1 Qe8 17. Qe2 Nd5 18. Ne4 Qa4 19. Bc4 a6 20. Qd3 f6 21. Bg3
Qd7 22. Rfe1 Kh8 23. Nc3 b5 24. Nxb5 axb5 25. Bxb5 Ba6 26. Bxa6 Qa7 27. Rxe6 Bf8
28. Kh1 1-0

[Event "21st Abu Dhabi Masters 2014"]
[Site "Abu Dhabi UAE"]
[Date "2014.08.24"]
[Round "5.19"]
[White "Wang, Hao"]
[Black "De Ramos, Julius"]
[Result "1-0"]
[WhiteTitle "GM"]
[BlackTitle "FM"]
[WhiteElo "2730"]
[BlackElo "2342"]
[WhiteFideId "8602883"]
[BlackFideId "5200628"]
[EventDate "2014.08.20"]

1. e4 e6 2. d4 d5 3. Nc3 Bb4 4. e5 c5 5. a3 Bxc3+ 6. bxc3 Ne7 7. Nf3 Nec6 8. a4
Nd7 9. Bd3 h6 10. O-O b6 11. Ne1 c4 12. Be2 O-O 13. Ba3 Re8 14. f4 Nf8 15. g4
Ne7 16. Ng2 Nh7 17. Ne3 f5 18. Bxe7 Rxe7 19. gxf5 Rf7 20. Bh5 Rxf5 21. Nxf5 exf5
22. Kh1 Nf8 23. Qf3 Be6 24. Rg1 Rc8 25. Qg3 Rc7 26. Rab1 Qd7 27. Rb5 Rb7 28.
Rgb1 a6 29. Rxb6 Rxb6 30. Rxb6 Qxa4 31. Rb7 Bd7 32. e6 Nxe6 33. Rb8+ Nf8 34. Qg6 1-0

[Event "21st Abu Dhabi Masters 2014"]
[Site "Abu Dhabi UAE"]
[Date "2014.08.24"]
[Round "5.20"]
[White "Areshchenko, Alexander"]
[Black "Al-Zendani, Zendan"]
[Result "1-0"]
[WhiteTitle "GM"]
[BlackTitle "IM"]
[WhiteElo "2684"]
[BlackElo "2338"]
[WhiteFideId "14109530"]
[BlackFideId "9400249"]
[EventDate "2014.08.20"]

1. e4 c5 2. Nf3 Nc6 3. Bb5 g6 4. Bxc6 dxc6 5. d3 Bg7 6. h3 Nf6 7. Nc3 Nd7 8. Be3
e5 9. O-O Qe7 10. Nh2 Nf8 11. f4 exf4 12. Bxf4 Ne6 13. Bg3 Nd4 14. Nb1 Be5 15.
Bxe5 Qxe5 16. c3 Nb5 17. a4 Nc7 18. Nd2 O-O 19. Nc4 Qg5 20. Nf3 Qg3 21. Kh1 Be6
22. Ne3 Rae8 23. Qd2 f5 24. exf5 Bxf5 25. Nxf5 Rxf5 26. Rae1 Ref8 27. Qf2 Qxf2
28. Rxf2 Re8 29. Rxe8+ Nxe8 30. Re2 Nc7 31. Kh2 Nd5 32. Kg3 Rf8 33. Re4 Rd8 34.
Kf2 Nf6 35. Re6 Nd5 36. g3 Nb6 37. a5 Na4 38. Re7 Nxb2 39. Rxb7 Nd1+ 40. Ke2
Nxc3+ 41. Ke3 Re8+ 42. Kd2 Nb5 43. Ng5 Rd8 44. Nxh7 c4 45. Nf6+ Kf8 46. Nd7+ Ke8
47. Nf6+ Kf8 48. Rd7 c3+ 49. Kc2 Rxd7 50. Nxd7+ Kg7 51. Ne5 c5 52. Nd7 g5 53.
Nxc5 Kh6 54. Ne4 Kh5 55. Nxc3 Nd4+ 56. Kb2 Nc6 57. a6 Nb4 58. Kb3 Nxa6 59. Kc4
Nb8 60. d4 Nd7 61. Kd5 a5 62. Kc6 Nf6 63. Kb5 g4 64. h4 Kg6 65. d5 Kf7 66. Kc6
Ke8 67. d6 Kd8 68. Na4 Nh5 69. Nc5 Nf6 70. Nb7+ 1-0

[Event "21st Abu Dhabi Masters 2014"]
[Site "Abu Dhabi UAE"]
[Date "2014.08.24"]
[Round "5.21"]
[White "Asgarizadeh, Ahmad"]
[Black "Lalith, Babu M.R."]
[Result "0-1"]
[BlackTitle "GM"]
[WhiteElo "2335"]
[BlackElo "2565"]
[WhiteFideId "12505684"]
[BlackFideId "5024595"]
[EventDate "2014.08.20"]

1. e4 c6 2. Nc3 d5 3. Nf3 Nf6 4. exd5 cxd5 5. d4 Nc6 6. h3 g6 7. Bd3 Bg7 8. O-O
O-O 9. a3 Bf5 10. Re1 Rc8 11. Bg5 a6 12. Qd2 Bxd3 13. Qxd3 e6 14. Ne5 Qc7 15.
Bf4 Qb6 16. Nxc6 Qxc6 17. Be5 Ne4 18. Bxg7 Kxg7 19. Nxe4 dxe4 20. Qb3 Qd5 21.
Qxd5 exd5 22. c3 f5 23. f3 Rc6 24. Kf2 g5 25. Re2 g4 26. Rg1 Rg6 27. Ree1 Rff6
28. Rh1 Rb6 29. Re2 Rh6 30. fxg4 fxg4 31. h4 Rhf6+ 32. Kg3 h5 33. Rc1 Kf7 34.
Rcc2 Ke7 35. Rf2 a5 36. Rxf6 Rxf6 37. Rf2 Rxf2 38. Kxf2 a4 39. Ke3 Kd6 40. g3
Kc6 41. c4 Kd6 42. c5+ Kc6 43. Kd2 Kb5 44. Kc3 e3 0-1

[Event "21st Abu Dhabi Masters 2014"]
[Site "Abu Dhabi UAE"]
[Date "2014.08.24"]
[Round "5.22"]
[White "Rasulov, Vugar"]
[Black "Hejazipour, Mitra"]
[Result "0-1"]
[WhiteTitle "GM"]
[BlackTitle "WIM"]
[WhiteElo "2509"]
[BlackElo "2269"]
[WhiteFideId "13402390"]
[BlackFideId "12505951"]
[EventDate "2014.08.20"]

1. e4 c5 2. Nf3 d6 3. d4 Nf6 4. Nc3 cxd4 5. Nxd4 a6 6. Be2 e5 7. Nb3 Be7 8. Bg5
Be6 9. Bxf6 Bxf6 10. Qd3 Be7 11. Nd5 Nd7 12. O-O-O Bxd5 13. Qxd5 Qc7 14. Kb1 O-O
15. Qd2 b5 16. h4 Qb6 17. Bg4 Nf6 18. f3 a5 19. Nc1 Rfd8 20. Bf5 a4 21. Nd3 a3
22. b3 g6 23. Bh3 d5 24. Rhe1 dxe4 25. fxe4 Rd4 26. c3 Rxe4 27. Nxe5 Rd8 28. Nd7
Qc6 29. Rf1 Ng4 30. Rf3 Ne5 31. Rff1 Bxh4 32. g3 Be7 33. Qc2 Re3 34. Nxe5 Rxe5
35. Rxd8+ Bxd8 36. Bg2 Qe6 37. Rd1 Bf6 38. Bf1 Re3 39. Bxb5 Rxc3 40. Qe2 Re3 0-1

[Event "21st Abu Dhabi Masters 2014"]
[Site "Abu Dhabi UAE"]
[Date "2014.08.24"]
[Round "5.23"]
[White "Calzetta Ruiz, Monica"]
[Black "Shyam, Nikil P."]
[Result "0-1"]
[WhiteTitle "WGM"]
[BlackTitle "IM"]
[WhiteElo "2221"]
[BlackElo "2469"]
[WhiteFideId "2204185"]
[BlackFideId "5024218"]
[EventDate "2014.08.20"]

1. e4 c5 2. Nf3 d6 3. d4 cxd4 4. Nxd4 Nf6 5. Nc3 a6 6. Bg5 e6 7. f4 Qc7 8. Qf3
Nc6 9. Bxf6 gxf6 10. O-O-O Bd7 11. Nb3 b5 12. a3 h5 13. Bd3 b4 14. axb4 Nxb4 15.
Rhe1 Rb8 16. e5 dxe5 17. fxe5 f5 18. Bxf5 exf5 19. e6 Bxe6 20. Qxf5 Rh6 21. Nd4
Qb6 22. Nxe6 fxe6 23. Qe5 Nc6 24. Nd5 Nxe5 0-1

[Event "21st Abu Dhabi Masters 2014"]
[Site "Abu Dhabi UAE"]
[Date "2014.08.24"]
[Round "5.24"]
[White "Zayan, Osama"]
[Black "Gagare, Shardul"]
[Result "1/2-1/2"]
[BlackTitle "IM"]
[WhiteElo "2208"]
[BlackElo "2421"]
[WhiteFideId "10601180"]
[BlackFideId "5037883"]
[EventDate "2014.08.20"]

1. e4 c5 2. Nf3 d6 3. Bb5+ Bd7 4. Bxd7+ Qxd7 5. c4 Nc6 6. O-O g6 7. d4 cxd4 8.
Nxd4 Bg7 9. Be3 Nf6 10. f3 O-O 11. Nc3 a6 12. b3 b5 13. Nd5 Nxd5 14. cxd5 Nxd4
15. Bxd4 Rfc8 16. Bxg7 Kxg7 17. Qd4+ Kg8 18. Rfc1 Rxc1+ 19. Rxc1 Rc8 20. Rxc8+
Qxc8 21. Qb6 Qc1+ 22. Kf2 Qd2+ 23. Kg3 Kg7 24. h4 f5 25. Qxa6 Qe1+ 26. Kh2 Qxh4+
27. Kg1 Qe1+ 28. Kh2 fxe4 29. fxe4 Qh4+ 30. Kg1 Qe1+ 31. Kh2 b4 32. Qd3 Qc3 33.
Qe2 h5 34. Kg1 Qd4+ 35. Kf1 Kf6 36. Qf3+ Ke5 37. Qg3+ Kxe4 38. Qxg6+ Kxd5 39.
Qxh5+ Qe5 40. Qf7+ Qe6 41. Qh5+ Kd4 42. Qd1+ Kc5 43. Qc2+ Kb6 44. Qf2+ Kb5 45.
Qa7 Qf5+ 46. Ke2 Qe4+ 47. Kf1 Qb1+ 48. Ke2 Qe4+ 49. Kf1 Qb1+ 50. Ke2 Qc2+ 51.
Kf1 Qc1+ 52. Ke2 Qc2+ 53. Kf1 Qc1+ 54. Ke2 Qb2+ 55. Kf1 e5 56. Qa4+ Kc5 57. Qa5+
Kc6 58. Qa4+ Kc5 59. Qa5+ Kc6 60. Qa4+ Kc5 61. Qa5+ Kc6 62. Qa4+ Kc5 63. Qa5+
Kc6 64. Qa4+ Kc5 1/2-1/2

[Event "21st Abu Dhabi Masters 2014"]
[Site "Abu Dhabi UAE"]
[Date "2014.08.24"]
[Round "5.25"]
[White "Ramnath Bhuvanesh, R"]
[Black "Lorparizangeneh, Shahin"]
[Result "1/2-1/2"]
[WhiteTitle "IM"]
[BlackTitle "FM"]
[WhiteElo "2420"]
[BlackElo "2277"]
[WhiteFideId "5026598"]
[BlackFideId "12521604"]
[EventDate "2014.08.20"]

1. e4 c6 2. d4 d5 3. e5 Bf5 4. Nf3 e6 5. Be2 Ne7 6. O-O c5 7. c4 Nbc6 8. Na3 a6
9. cxd5 Nxd5 10. Bg5 Qc7 11. Rc1 cxd4 12. Nxd4 Bxa3 13. bxa3 Qxe5 14. Nxc6 bxc6
15. Rxc6 O-O 16. Bf3 Be4 17. Qe2 Qxg5 18. Qxe4 Qd2 19. Qa4 Qd3 20. Qb3 Qb5 21.
Rfc1 Rfb8 22. R1c5 Qxb3 23. axb3 Ne7 24. Rc7 Nd5 25. Bxd5 exd5 26. b4 Re8 27.
Kf1 Rad8 28. Rc2 d4 29. Re2 g6 30. Rxe8+ Rxe8 31. Rd7 Rc8 32. Rxd4 Rc3 33. a4
Ra3 34. a5 Rb3 35. Ke2 Rb2+ 36. Ke3 h5 37. h4 Kg7 38. Rf4 Kf8 39. Kd3 Ke7 40.
Kc4 Rc2+ 41. Kd5 f5 42. g3 Kd7 43. Rf3 Rd2+ 44. Kc5 Kc7 45. Rf4 Rc2+ 46. Kd5 Kd7
47. Kd4 Kd6 48. Kd3 Rb2 49. Kc3 Ra2 50. Rd4+ Kc6 51. Rd2 Ra3+ 52. Kc4 Ra1 53.
Rd8 Rc1+ 54. Kb3 Rb1+ 55. Kc3 Rc1+ 56. Kd2 Rc4 57. Rb8 Kd5 58. Kd3 Rd4+ 59. Ke3
Re4+ 60. Kf3 Kc4 61. Rb6 Rg4 62. Kg2 f4 63. Kf3 fxg3 64. fxg3 g5 65. hxg5 Rxg5
66. Rxa6 Kxb4 67. Ra8 Kb5 68. Kf4 Rg4+ 69. Kf3 Rg5 70. Kf2 Rg4 71. Kf3 1/2-1/2

[Event "21st Abu Dhabi Masters 2014"]
[Site "Abu Dhabi UAE"]
[Date "2014.08.24"]
[Round "5.26"]
[White "Hesham, Abdelrahman"]
[Black "Kryvoruchko, Vita"]
[Result "0-1"]
[WhiteTitle "IM"]
[BlackTitle "WGM"]
[WhiteElo "2387"]
[BlackElo "2185"]
[WhiteFideId "10600183"]
[BlackFideId "14108917"]
[EventDate "2014.08.20"]

1. d4 Nf6 2. c4 e6 3. Nf3 d5 4. Nc3 Be7 5. Bg5 O-O 6. e3 h6 7. Bh4 b6 8. Be2 Bb7
9. cxd5 exd5 10. Bxf6 Bxf6 11. Qb3 c6 12. O-O Nd7 13. Rfe1 Re8 14. Rad1 Nf8 15.
e4 Ne6 16. exd5 cxd5 17. Bf1 a6 18. g3 Qd6 19. Bh3 b5 20. a4 Bc6 21. Re2 b4 22.
Na2 a5 23. Nc1 Qd7 24. Ne5 Bxe5 25. dxe5 Rad8 26. Bxe6 fxe6 27. Rd4 Bxa4 28. Qe3
Qa7 29. Red2 Rc8 30. Ne2 Bb5 31. h4 Bxe2 32. Qxe2 Rc1+ 33. Kh2 Rf8 34. Rg4 Rf5
35. Rg6 Qf7 36. h5 Rc4 37. f4 Kh7 38. Kg2 b3 39. Qd3 Re4 40. Qa6 Rxh5 41. Rxe6
Qf5 42. Rd1 Qg4 43. Rg6 Re2+ 44. Kg1 Rh1+ 0-1

[Event "21st Abu Dhabi Masters 2014"]
[Site "Abu Dhabi UAE"]
[Date "2014.08.24"]
[Round "5.27"]
[White "Hojjatova, Aydan"]
[Black "Dimakiling, Oliver"]
[Result "0-1"]
[WhiteTitle "WCM"]
[BlackTitle "IM"]
[WhiteElo "2014"]
[BlackElo "2371"]
[WhiteFideId "13401491"]
[BlackFideId "5202248"]
[EventDate "2014.08.20"]

1. e4 e5 2. Nf3 Nc6 3. Bc4 d6 4. c3 Na5 5. Qa4+ c6 6. Be2 b5 7. Qc2 f5 8. d3 Nf6
9. O-O Qc7 10. Re1 Be7 11. Nbd2 O-O 12. b4 Nb7 13. c4 bxc4 14. Qxc4+ Kh8 15. Bb2
a5 16. Rec1 fxe4 17. dxe4 Nd8 18. b5 Qb6 19. Qd3 Ng4 20. Rf1 cxb5 21. Qxb5 Qa7
22. h3 Rb8 23. Qc4 Nxf2 24. Kh2 Ne6 25. Rab1 Nf4 26. Nd4 Nxe2 27. Qxe2 Ba6 28.
Qh5 exd4 29. Rxf2 Rxf2 30. Bxd4 Qxd4 31. Rxb8+ Rf8 32. Rxf8+ Bxf8 33. Qf7 Qe5+ 0-1

[Event "21st Abu Dhabi Masters 2014"]
[Site "Abu Dhabi UAE"]
[Date "2014.08.24"]
[Round "5.28"]
[White "Pourkashiyan, Atousa"]
[Black "Sameir, Ramez"]
[Result "1-0"]
[WhiteTitle "WGM"]
[WhiteElo "2352"]
[BlackElo "2113"]
[WhiteFideId "12502014"]
[BlackFideId "10606017"]
[EventDate "2014.08.20"]

1. e4 e6 2. d4 d5 3. Nc3 Bb4 4. e5 c5 5. a3 Bxc3+ 6. bxc3 Ne7 7. Qg4 Qc7 8. Bd2
cxd4 9. cxd4 Qxc2 10. Rc1 Qe4+ 11. Qxe4 dxe4 12. Ne2 Nbc6 13. g3 f6 14. exf6
gxf6 15. Bg2 f5 16. f3 exf3 17. Bxf3 O-O 18. O-O Bd7 19. Rfd1 Rac8 20. Bh6 Rfe8
21. Kf2 Na5 22. Bd2 Rxc1 23. Rxc1 Nb3 24. Rc7 Bc6 25. Bf4 Bxf3 26. Kxf3 Na5 27.
Bd2 Nec6 28. Bc3 Nc4 29. Rxb7 Re7 30. Rb3 Rd7 31. Kf2 Kf7 32. a4 Nd6 33. Kf3 Ne4
34. Ke3 Ne7 35. Nf4 Nd5+ 36. Nxd5 Rxd5 37. Rb7+ Ke8 38. Be1 Rd7 39. Rb8+ Kf7 40.
a5 Nf6 41. h3 Nd5+ 42. Kd3 Ne7 43. Bc3 e5 44. Rb5 Ke6 45. Rxe5+ 1-0

[Event "21st Abu Dhabi Masters 2014"]
[Site "Abu Dhabi UAE"]
[Date "2014.08.24"]
[Round "5.29"]
[White "Estremera Panos, Sergio"]
[Black "Janahi, Zeyaad"]
[Result "1-0"]
[WhiteTitle "IM"]
[BlackTitle "FM"]
[WhiteElo "2346"]
[BlackElo "2109"]
[WhiteFideId "2200864"]
[BlackFideId "11200073"]
[EventDate "2014.08.20"]

1. d4 d5 2. c4 e5 3. dxe5 d4 4. Nf3 Nc6 5. a3 Nge7 6. e3 Bg4 7. Be2 dxe3 8. Bxe3
Ng6 9. Nbd2 Bxf3 10. Nxf3 Qxd1+ 11. Rxd1 Ngxe5 12. Nxe5 Nxe5 13. O-O Be7 14. Rd5
Nd7 15. Rfd1 Nf6 16. Rb5 b6 17. Bf3 Rd8 18. Bc6+ Kf8 19. Rxd8+ Bxd8 20. Bf4 h6
21. Rb3 g5 22. Be5 h5 23. Rd3 Ke7 24. Bc3 Rg8 25. b4 Rg6 26. b5 Ne8 27. Rd7+ 1-0

[Event "21st Abu Dhabi Masters 2014"]
[Site "Abu Dhabi UAE"]
[Date "2014.08.24"]
[Round "5.30"]
[White "Rajesh, V A V"]
[Black "Kaboodi, Behrang"]
[Result "1-0"]
[WhiteTitle "IM"]
[WhiteElo "2404"]
[BlackElo "2060"]
[WhiteFideId "5029317"]
[BlackFideId "12504955"]
[EventDate "2014.08.20"]

1. d4 f5 2. c4 e6 3. Nc3 d5 4. Nf3 Nf6 5. e3 c6 6. Bd3 Bd6 7. O-O O-O 8. b3 Ne4
9. Bb2 Nd7 10. Ne2 Qf6 11. Ng3 g6 12. Nd2 h5 13. Bxe4 fxe4 14. f4 Qe7 15. Nh1 b5
16. c5 Bc7 17. Nf2 a5 18. a3 b4 19. axb4 Ba6 20. Re1 axb4 1-0

[Event "21st Abu Dhabi Masters 2014"]
[Site "Abu Dhabi UAE"]
[Date "2014.08.24"]
[Round "5.31"]
[White "Mohammad, Samir"]
[Black "Al-Halila, Ayman"]
[Result "1-0"]
[WhiteTitle "FM"]
[BlackTitle "IM"]
[WhiteElo "2369"]
[BlackElo "2161"]
[WhiteFideId "7600372"]
[BlackFideId "9400168"]
[EventDate "2014.08.20"]

1. d4 Nf6 2. c4 e6 3. Nc3 Bb4 4. e3 b6 5. Bd3 Bb7 6. Ne2 Bxg2 7. Rg1 Be4 8. Bxe4
Nxe4 9. Qd3 Qh4 10. Rg2 f5 11. Bd2 Nxd2 12. Kxd2 g6 13. Kc2 Nc6 14. f4 Bxc3 15.
Qxc3 Qf6 16. a3 Ne7 17. Rh1 Nc8 18. h4 Nd6 19. Ng3 O-O-O 20. c5 Nb7 21. b4 Kb8
22. a4 a6 23. Kb1 Rc8 24. Rc2 Qe7 25. Ne2 h6 26. Nc1 g5 27. hxg5 hxg5 28. Rxh8
Rxh8 29. fxg5 Rg8 30. Nd3 d6 31. cxb6 cxb6 32. g6 Qd7 33. a5 bxa5 34. bxa5 Rxg6
35. Qb3 Rg1+ 36. Kb2 Qf7 1-0

[Event "21st Abu Dhabi Masters 2014"]
[Site "Abu Dhabi UAE"]
[Date "2014.08.24"]
[Round "5.32"]
[White "Ram, Aravind L N"]
[Black "Gameel, Mohamed"]
[Result "1-0"]
[WhiteTitle "FM"]
[BlackTitle "IM"]
[WhiteElo "2119"]
[BlackElo "2218"]
[WhiteFideId "25033760"]
[BlackFideId "9401440"]
[EventDate "2014.08.20"]

1. e4 e5 2. Nf3 Nc6 3. Bb5 a6 4. Ba4 Nf6 5. d3 b5 6. Bb3 Be7 7. O-O O-O 8. Nbd2
d6 9. c3 Na5 10. Bc2 c5 11. Re1 Qc7 12. Nf1 Bd7 13. Ng3 Rac8 14. h3 Rfe8 15. Nh4
g6 16. Bg5 d5 17. Qf3 Kg7 18. exd5 h6 19. Bxf6+ Bxf6 20. Qe4 Bg5 21. Nf3 f5 22.
Qe2 Bf6 23. a3 Qd6 24. b4 Nb7 25. Bb3 cxb4 26. cxb4 e4 27. dxe4 Bxa1 28. Rxa1
Qc7 29. e5 Qc3 30. Rb1 Rc7 31. Qd1 Rxe5 32. Ne2 Rxe2 33. Qxe2 Qf6 34. Re1 Bc8
35. Qd2 Nd6 36. Rc1 Nc4 37. Bxc4 Rxc4 38. Rxc4 bxc4 39. Qf4 1-0

[Event "21st Abu Dhabi Masters 2014"]
[Site "Abu Dhabi UAE"]
[Date "2014.08.24"]
[Round "5.33"]
[White "Iniyan, P"]
[Black "Derakhshani, Dorsa"]
[Result "0-1"]
[BlackTitle "WFM"]
[WhiteElo "2048"]
[BlackElo "2169"]
[WhiteFideId "25002767"]
[BlackFideId "12500330"]
[EventDate "2014.08.20"]

1. d4 Nf6 2. c4 e6 3. Nc3 Bb4 4. a3 Bxc3+ 5. bxc3 c5 6. e3 Nc6 7. Bd3 b6 8. Ne2
O-O 9. e4 Ne8 10. O-O Ba6 11. f4 f5 12. e5 d6 13. Be3 Na5 14. Bf2 Qc7 15. d5
dxe5 16. fxe5 Qxe5 17. Bg3 Qe3+ 18. Kh1 Bxc4 19. Nf4 Bb3 20. Qb1 Bxd5 21. Nxd5
exd5 22. Bxf5 Nf6 23. Qc2 Rae8 24. Rae1 Qh6 25. Be6+ Kh8 26. Bd6 Ne4 27. Rxf8+
Rxf8 28. Bxf8 Qxe6 29. Kg1 Kg8 30. Rf1 Nc4 0-1

[Event "21st Abu Dhabi Masters 2014"]
[Site "Abu Dhabi UAE"]
[Date "2014.08.24"]
[Round "5.34"]
[White "Fenil, Shah"]
[Black "Primbetov, Kazbek"]
[Result "0-1"]
[WhiteElo "2286"]
[BlackElo "2256"]
[WhiteFideId "5019850"]
[BlackFideId "13702297"]
[EventDate "2014.08.20"]

1. d4 Nf6 2. Nf3 g6 3. Nbd2 Bg7 4. e4 d6 5. Bc4 O-O 6. Qe2 Nc6 7. e5 dxe5 8.
dxe5 Nd5 9. O-O Bf5 10. Bb3 Na5 11. Rd1 Nf4 12. Qe1 Qc8 13. Qf1 c5 14. Nc4 Nxb3
15. axb3 Ne6 16. Ne3 Be4 17. Nd2 Bc6 18. f4 Bh6 19. g3 b5 20. c3 f5 21. exf6
exf6 22. Re1 Bg7 23. f5 Nd8 24. Nf3 Qb7 25. Nh4 g5 26. Nhg2 Nf7 27. Rd1 Ne5 28.
h3 Rad8 29. Ne1 Rd7 30. Rxd7 Qxd7 31. Qe2 Rd8 32. Kh2 Be4 33. Qf2 Bf8 34. Ng4
Nxg4+ 35. hxg4 Qd1 36. Ng2 Re8 37. Qe1 Qxg4 0-1